|
|
|
|
| LEADER |
01064cam a2200265 a 4500 |
| 001 |
01290771 |
| 003 |
GR-PaULI |
| 008 |
991105s1996 enk e 000 0 eng|c |
| 020 |
|
|
|a 0175570833
|
| 040 |
|
|
|a GrPaTEI
|b gre
|c GR-PaULI
|
| 050 |
|
4 |
|a PE1128
|b .F69 1996
|
| 082 |
0 |
4 |
|a 428.24
|2 22
|
| 100 |
1 |
|
|a Folwer, W. S.
|
| 245 |
1 |
0 |
|a Fowler First Certificate :
|b use of English /
|c W.S. Fowler.
|
| 260 |
|
|
|a Essex :
|b Longman,
|c 1996.
|
| 300 |
|
|
|a 128 σ. ;
|c 28 εκ.
|
| 500 |
|
|
|a "For the Revised Exam."--Εξώφυλλο.
|
| 650 |
|
0 |
|a English language
|v Textbooks for foreign speakers
|
| 650 |
|
0 |
|a English language
|x Study and tetaching
|x Foreign speakers
|
| 650 |
|
4 |
|a Αγγλική γλώσσα
|x Εγχερίδια για αλλοδαπούς
|
| 653 |
|
|
|a Ειδικό εγχειρίδιο
|
| 942 |
|
|
|2 ddc
|
| 952 |
|
|
|0 0
|1 0
|2 ddc
|4 0
|6 428_000000000000000_FOW
|7 1
|9 250844
|a LISK
|b LISK
|c BSC
|d 2021-01-17
|e 24
|f 0
|g 0.00
|l 0
|o 428 FOW
|p 92410011702
|r 2021-01-17 00:00:00
|t 1
|w 2021-01-17
|y BKN
|x 19991024 0 0
|x GrPaTEI
|
| 971 |
|
|
|a .b13719907
|b 11-04-20
|c 30-08-15
|
| 999 |
|
|
|c 148870
|d 148870
|